000 00685nam a2200217Ii 4500
003 JO-AjNU
008 230605s9999||||xx |||||||||||||| ||und||
017 _a23940
020 _a978-977-358-238-5
040 _aJO-AjNU
_bara
_erda
_cJO-AjNU
041 _aara
050 1 4 _aTX911 2011
100 3 _aحافظ، محمد عبده,
_eauthor
_934004
245 0 0 _aالادارة الالكترونية للفنادق
264 3 1 _aالقاهرة: دار الفجر للنشر والتوزيع، 2011
300 _a224ص
336 _atext
_btxt
_2rdacontent
337 _aunmediated
_bn
_2rdamedia
338 _avolume
_bnc
_2rdacarrier
650 4 _aالفنادق-ادارة
_934005
999 _aA13897
_c17465
_d17465